Sports Quiz

Random Sports or Numbers Quiz

Sports Logos Close-Up II Quiz Stats

 Plays Quiz Updated Feb 8, 2016

Score 0/24 Timer 05:00
4 Plays Today
Number Team % Correct
3Los Angeles Rams
90.6%
23Carolina Panthers
85.9%
22Minnesota Timberwolves
84.7%
12Denver Broncos
82.2%
5New York Mets
80%
14Colorado Avalanche
78.8%
6Oakland Athletics
73.3%
9Charlotte Hornets
69.3%
11New England Patriots
66.7%
17San Antonio Spurs
65.9%
21New York Giants
64.2%
8Washington Wizards
61.9%
Number Team % Correct
4Memphis Grizzlies
61.5%
2Arizona Coyotes
58%
15New Jersey Devils
55.5%
7Ottawa Senators
50.9%
20Pittsburgh Pirates
49.1%
19Seattle Seahawks
48.9%
1Cincinnati Reds
46.5%
13Nashville Predators
45%
16Minnesota Twins
42.2%
18Cleveland Indians
42.1%
24Houston Rockets
29%
10Toronto Maple Leafs
16.8%

You're not logged in!

Compare scores with friends on all Sporcle quizzes.
OR
Log In

Sporcle TV

Today on Sporcle TV


Watch our educational content, quiz creation guides, and fun videos on Sporcle TV.

Show Comments

Extras

Top Quizzes Today


Score Distribution

Your Account Isn't Verified!

In order to create a playlist on Sporcle, you need to verify the email address you used during registration. Go to your Sporcle Settings to finish the process.

Report this User

Report this user for behavior that violates our Community Guidelines.

Details: